Personnages #7 - One-Punch Man - Statistiques

Statistiques générales
  • Ce quiz a été pris 537 fois
  • Le résultat moyen est 18 sur 50
Statistiques - réponses
Statut Indice Nom % Correct
Héros B7 - Héros de l'histoire Saitama / Le Chauve Capé
90%
Héros S14 - Machine Genos / Démon Cyborg
88%
Héros S7 - Homme le plus fort du monde King
81%
Héros S2 - Télékinésiste Tatsumaki / La Tornade Tragique
80%
Héros S3 - Arts martiaux Bang / Croc d'Argent
75%
Héros B1 - Télékinésiste Fubuki / Le Blizzard Infernal
65%
Héros S8 - Immortel Zombiman
65%
Humain Ninja rival du personnage principal Sonic le Foudroyant
61%
Héros S5 - Jeune génie Le Petit Empereur
59%
Héros S4 - Epéïste Atomic Samouraï
58%
Héros A1 - Acteur, chanteur,... Bogosse trop craquant Masqué
58%
Extra-terrestre Chef des pillards de l'espace Boros
57%
Héros S6 - Machine Bofoy / Metal Knight
55%
Héros S16 - Voyou Batte-Man
54%
Héros C1 - Cycliste Roulette Rider
54%
Héros S17 - Criminel & héros Pri Pri Prisonnier
53%
Héros S12 - Techniques canines Chien de Garde-Man
52%
Héros S11 - Musclé Super Black Brillant
47%
Humain Chasseur de héros Garoh
46%
Héros S15 - Musclé Master Marcel
46%
Monstre Roi des monstres Orochi
43%
Héros C6 - Musclé, gang de S15 Tiger Marcel
31%
Humain Frère de S3 Bomb
28%
Héros A10 - Se bat avec une lance Stinger
28%
Humain Dernier élève de S3 Charanko
27%
Monstre Chef des monstres marins Roi des Profondeurs
27%
Héros A2 - Epéïste, élève de S4 Iaïron
24%
Humain Champion en arts martiaux Suiryû
24%
Monstre Monstre-oiseau Phénix
22%
Héros A38 - Arts martiaux Vipère au Poing
22%
Héros A19 - Vitesse et arts martiaux Max / Eclairomax
21%
Monstre Se bat avec un fouet Supersado
21%
Humain Criminel à la tête dure Tête d'Enclume
21%
Monstre Insecte géant Grande Scolopendre Patriarche
20%
Monstre Chien géant Grand Rex
20%
Héros B? - Musclé, gang de S15 Blackhole Marcel
19%
Héros A29 - Fronde Golden Ball
18%
Héros A33 - Epéiste en costume Moustachute
18%
Extra-terrestre Lieutenant des pillards de l'espace Mutatron
18%
Monstre Un oeil Scrutt
18%
Humain Chef de la maison de l'évolution Professeur I. Genus
14%
Humain Créateur de S14 Professeur Kidob
14%
Humain Association des héros, administration Sytch
14%
Humain Enfant ami du chasseur de héros Falot
13%
Héros B21 - Ex-Clan Fubuki Binocle
12%
Humain Enfant de dirigeant, otage des monstres Chenapon
12%
Héros B50 - Vantard ténébreux Ténébrolame
12%
Humain Association des héros, administration Baurgne
10%
Monstre Des lames à la place des mains Sécatoroi
10%
Héros B6 - Armure et pieu Goldokorn
9%
Aucun quiz correspondant
Distribution des résultats
% des personnes avec chaque résultat
Percentile par nombre de réponses
Votre historique - résultats
Vous n’avez pas pris ce quiz